| 000 | 01134nam a2200325 a 4500 | ||
|---|---|---|---|
| 001 | 000113753 | ||
| 003 | CHAP | ||
| 005 | 20250903062749.0 | ||
| 008 | 170914s2017 mx a fsm |||||||spa d | ||
| 010 | _a110214 | ||
| 011 | _a111186 | ||
| 040 | _cCHAP | ||
| 090 | _aTesis | ||
| 100 | 1 |
_aGil Guerrero, Gabriela _9133389 |
|
| 245 | 1 | 0 |
_aAnálisis químico de seis gramíneas del estado de Morelos / _h[En línea] _cpor Gabriela Gil Guerrero. |
| 260 |
_aChapingo, Méx. : _bEl autor, _c2017. |
||
| 500 | _aPara ver el contenido del material haga clic en la liga | ||
| 502 | _aTesis (Ing. Agr. Esp. en Zootecnia) -- UACH. Departamento de Zootecnia | ||
| 590 |
_aE11695DGD _b10 _c20170928 _lUCH01 _h0940 |
||
| 590 |
_aE6096MTM _b05 _c20170914 _lUCH01 _h1017 |
||
| 590 |
_aE6096MTM _b05 _c20170914 _lUCH01 _h1018 |
||
| 590 |
_aE6096MTM _b05 _c20170914 _lUCH01 _h1100 |
||
| 650 | 1 | 4 |
_aForrajes _xAnálisis. _942555 |
| 650 | 1 | 4 |
_aForrajes _xComposición. _942563 |
| 650 | 1 | 7 |
_aForrajes _xDigestibilidad _2 _942568 |
| 856 |
_aFinding aid _uhttp://10.13.5.2/tesis/sist113753.pdf _zTeclea aquí |
||
| 901 | _aBK | ||
| 942 | _cTESIS | ||
| 942 | _n0 | ||
| 999 |
_c110214 _d110214 |
||